Can you name all of these animals? #3 - Statistics

General Stats
  • This quiz has been taken 56 times
    44 since last reset
  • The average score is 13 of 16
Answer Stats
Picture Answer % Correct
Kangaroo
94%
Koala
94%
Cheetah
92%
Fox
92%
Wolf
92%
whale
89%
Frog
86%
Hamster
86%
Dove
83%
Peacock
83%
Buffalo
81%
Chameleon
75%
Sea lion
75%
Squid
75%
Meerkat
72%
Okapi
39%
No matching quizzes found
Score Distribution
Percent of People with Each Score
Percentile by Number Answered
Your Score History
You have not taken this quiz since the last reset